LEADER 00847nam a22002171i 4500 001 991003516769707536 005 20030829194656.0 008 031111s1964 uik|||||||||||||||||eng 035 $ab12437621-39ule_inst 035 $aARCHE-047091$9ExL 040 $aDip.to Lingue$bita$cA.t.i. Arché s.c.r.l. Pandora Sicilia s.r.l. 100 1 $aDavidson, Hilda Roderick Ellis$0198258 245 10$aGods and Myths of Northern Europe /$cH. R. Ellis Davidson 260 $aHarmondsworth :$bPenguin Books,$c1964 300 $a251 p. ;$c18 cm 907 $a.b12437621$b02-04-14$c13-11-03 912 $a991003516769707536 945 $aLE012 F.G. 660$g1$i2012000061880$lle012$o-$pE0.00$q-$rl$s- $t0$u2$v0$w2$x0$y.i12863518$z13-11-03 996 $aGods and Myths of Northern Europe$9165847 997 $aUNISALENTO 998 $ale012$b13-11-03$cm$da $e-$feng$guik$h0$i1 LEADER 03386nas 2200997-a 450 001 996214001903316 005 20240207011456.0 011 $a1879-0070 035 $a(DE-599)ZDB2026024-6 035 $a(OCoLC)38871530 035 $a(CKB)954925534056 035 $a(CONSER)--2003233359 035 $a(EXLCZ)99954925534056 100 $a19980331a19839999 s-- a 101 0 $aeng 135 $aurmnu|||||||| 181 $ctxt$2rdacontent 182 $cc$2rdamedia 183 $acr$2rdacarrier 200 10$aDiagnostic microbiology and infectious disease 210 $aNew York, NY $cElsevier Science Pub. Co 300 $aRefereed/Peer-reviewed 311 $a0732-8893 531 $aDIAGN MICROBIOL INFECT DIS 531 $aDIAGN MICR INFEC DIS 531 $aDIAG MICR I 531 $aDIAGNOSTIC MICROBIOLOGY & INFECTIOUS DISEASE 531 $aDIAGN. MICROBIOL. INFECT. DIS 531 0 $aDiagn. microbiol. infect. dis. 606 $aDiagnostic microbiology$vPeriodicals 606 $aCommunicable diseases$xDiagnosis$vPeriodicals 606 $aMedical laboratory technology 606 $aCommunicable diseases 606 $aMicrobiology 606 $aDiagnostic microbiology$xPeriodicals 606 $aClinical Laboratory Techniques 606 $aCommunicable Diseases 606 $aMicrobiology 606 $aMicrobiologie clinique$xPériodiques 606 $aMaladies infectieuses$xDiagnostic$vPériodiques 606 $aMicrobiologie clinique$vPériodiques 606 $aMédecine$xLaboratoires$xTechnique 606 $aMaladies infectieuses 606 $aMicrobiologie 606 $amicrobiology$2aat 606 $aMicrobiology$2fast$3(OCoLC)fst01019576 606 $aMedical laboratory technology$2fast$3(OCoLC)fst01014300 606 $aCommunicable diseases$2fast$3(OCoLC)fst00869883 606 $aCommunicable diseases$xDiagnosis$2fast$3(OCoLC)fst00869889 606 $aDiagnostic microbiology$2fast$3(OCoLC)fst00892375 606 $aMikrobiologische Diagnostik$2gnd 606 $aInfektionskrankheit$2gnd 606 $aInfectieziekten$2gtt 606 $aDiagnostiek$2gtt 608 $aPeriodical 608 $aPeriodicals.$2fast 615 0$aDiagnostic microbiology 615 0$aCommunicable diseases$xDiagnosis 615 0$aMedical laboratory technology. 615 0$aCommunicable diseases. 615 0$aMicrobiology. 615 0$aDiagnostic microbiology$xPeriodicals. 615 2$aClinical Laboratory Techniques 615 2$aCommunicable Diseases 615 2$aMicrobiology 615 6$aMicrobiologie clinique$xPériodiques. 615 6$aMaladies infectieuses$xDiagnostic 615 6$aMicrobiologie clinique 615 6$aMédecine$xLaboratoires$xTechnique. 615 6$aMaladies infectieuses. 615 6$aMicrobiologie. 615 7$amicrobiology. 615 7$aMicrobiology. 615 7$aMedical laboratory technology. 615 7$aCommunicable diseases. 615 7$aCommunicable diseases$xDiagnosis. 615 7$aDiagnostic microbiology. 615 7$aMikrobiologische Diagnostik 615 7$aInfektionskrankheit 615 17$aInfectieziekten. 615 17$aDiagnostiek. 676 $a579 906 $aJOURNAL 912 $a996214001903316 996 $aDiagnostic microbiology and infectious disease$91890556 997 $aUNISA